| 000 | 00442nam a2200145Ia 4500 | ||
|---|---|---|---|
| 008 | 231129s1996||||xx |||||||||||||| ||spa|| | ||
| 020 | _a84-89333-10-6 | ||
| 040 | _bspa | ||
| 082 | _a150 R161p | ||
| 100 | _aRajneesh Bhagwan Shree | ||
| 245 | 0 | _aPsicología de lo esotérico: Amor sexo y oración: el camino Tantra hacia lo divino | |
| 260 | _c1996 | ||
| 264 | _aCuatro Vientos | ||
| 942 |
_2ddc _cBKS |
||
| 999 |
_c23469 _d23469 |
||